| 000 | 00712nam a22001815i 4500 | ||
|---|---|---|---|
| 001 | 158705 | ||
| 003 | ES-MaACL | ||
| 005 | 20230906211257.0 | ||
| 008 | 040902s1897 xx |||| | eng d | ||
| 040 |
_aCAM _bspa _cCAM |
||
| 100 | 1 |
_aMarcou, Jules. _976547 |
|
| 245 | 1 | 0 |
_aJura and neocomian of Arkansas, Kansas, Oklahoma, New Mexico and Texas / _cby Jules Marcou. |
| 260 |
_a[S.l. : _bs.n., _cs.a.] |
||
| 300 |
_a[2] p., p. 197-212 ; _c24 cm. |
||
| 500 | _aExtraido de "The American Journal of Science, Vol. IV, September, 1897" | ||
| 650 | 4 |
_aEstratigrafĂa- _xJurásico. _9154259 |
|
| 852 |
_aES-MaACL _jT-901-F-18 _z-- Enc. hol. _z-- Legado de Federico de Botella y de Hornos _z-- Enc. en un vol. facticio |
||
| 999 |
_c158705 _d158705 |
||